LEADER 03030nam 2200577 450 001 9910812546403321 005 20230616235514.0 010 $a1-4511-6511-0 035 $a(CKB)2430000000022275 035 $a(EBL)3418576 035 $a(SSID)ssj0000352624 035 $a(PQKBManifestationID)11254358 035 $a(PQKBTitleCode)TC0000352624 035 $a(PQKBWorkID)10285392 035 $a(PQKB)10086170 035 $a(MiAaPQ)EBC2032645 035 $a(Au-PeEL)EBL2032645 035 $a(CaPaEBR)ebr10826563 035 $a(OCoLC)908075968 035 $a(EXLCZ)992430000000022275 100 $a20140124h20042004 uy 0 101 0 $aeng 135 $aur|n|---||||| 181 $ctxt 182 $cc 183 $acr 200 10$aAdvanced practice oncology and palliative care guidelines /$fWendy H. Vogel, Margery A. Wilson, Michelle S. Melvin ; authors 210 1$aPhiladelphia, Pennsylvania :$cLippincott Williams & Wilkins,$d2004. 210 4$dİ2004 215 $a1 online resource (384 p.) 300 $aDescription based upon print version of record. 311 $a0-7817-4331-1 320 $aIncludes bibliographical references and index. 327 $aAdvanced Practice Oncology and Palliative Care Guidelines -- Contents -- PART I: CANCERS -- Acute Lymphoblastic Leukemia -- Acute Myelogenous Leukemia -- Bladder Cancer -- Bone Metastases -- Brain Cancer -- Brain Metastases -- Breast Cancer -- Cervical Cancer -- Chronic Lymphocytic Leukemia -- Chronic Myelogenous Leukemia -- Colorectal Cancer -- Endometrial Cancer -- Esophageal Cancer -- Head and Neck Cancers -- Hepatocellular Carcinoma -- HIV-Related Cancers -- Hodgkin's Disease -- Liver Metastases -- Lung Cancer -- Malignant Ascites -- Malignant Melanoma -- Malignant Pericardial Effusion -- Malignant Pleural Effusion -- Multiple Myeloma -- Myelodysplastic Syndrome -- Myeloproliferative Disorders -- Non-Hodgkin's Lymphoma -- Ovarian Cancer -- Pancreatic Cancer -- Prostate Cancer -- Renal Cancer -- Testicular Cancer -- Thyroid Carcinoma -- PART II: SYMPTOM MANAGEMENT AND PALLIATIVE CARE -- Alteration in Mental Status -- Anxiety -- Cancer Pain -- Constipation -- Depression -- Dyspnea -- Fatigue -- Hiccoughs -- Nausea and Vomiting -- Oral Mucous Membrane Alteration -- Pruritus -- Bibliography -- Index. 606 $aCancer$xNursing$vHandbooks, manuals, etc 606 $aCancer$xPalliative treatment$vHandbooks, manuals, etc 606 $aNursing care plans$vHandbooks, manuals, etc 615 0$aCancer$xNursing 615 0$aCancer$xPalliative treatment 615 0$aNursing care plans 676 $a610.73698 700 $aVogel$b Wendy H$01595114 701 $aWilson$b Margery A$01595115 701 $aMelvin$b Michelle S$01595116 801 0$bMiAaPQ 801 1$bMiAaPQ 801 2$bMiAaPQ 906 $aBOOK 912 $a9910812546403321 996 $aAdvanced practice oncology and palliative care guidelines$93915917 997 $aUNINA LEADER 02273nam 2200541 450 001 9910821067503321 005 20230803212808.0 010 $a1-60805-976-6 035 $a(CKB)3710000000354283 035 $a(EBL)1936515 035 $a(SSID)ssj0001467234 035 $a(PQKBManifestationID)11790674 035 $a(PQKBTitleCode)TC0001467234 035 $a(PQKBWorkID)11514453 035 $a(PQKB)10454864 035 $a(MiAaPQ)EBC1936515 035 $a(Au-PeEL)EBL1936515 035 $a(CaPaEBR)ebr11018123 035 $a(OCoLC)905919736 035 $a(EXLCZ)993710000000354283 100 $a20150312h20142014 uy 0 101 0 $aeng 135 $aur|n|---||||| 181 $ctxt 182 $cc 183 $acr 200 10$a"Capitalist realism" in Africa $erealities and myths in advertising /$fauthored by Emmanuel C. Elozie 210 1$aSharjah :$cBentham Science Publishers,$d2014. 210 4$dİ2014 215 $a1 online resource (111 p.) 300 $aDescription based upon print version of record. 311 $a1-60805-977-4 320 $aIncludes bibliographical references and index. 327 $aCover; Title; EUL; Dedication; Contents; Tables; About the Author ; Abstract; Foreword; Preface; Acknowledgements; Conflict of Interest; Abbreviations; Chapter 01; Chapter 02; Chapter 03; Chapter 04; Chapter 05; Chapter 06; Appendix; References; Index 330 $a"Capitalist Realism" in Africa: Realities and Myths in Advertising is a multifaceted analysis of the role of advertising in the national development of Nigeria, and by extension, other African Nations. The book examines the unique political, cultural and religious systems that create the context for advertising in African countries and describes the unique historical, social, economic, communication and political context within which the practice of advertising takes place. 606 $aAdvertising 606 $aSmall business 615 0$aAdvertising. 615 0$aSmall business. 676 $a659.1 700 $aAlozie$b Emmanuel C.$01649348 801 0$bMiAaPQ 801 1$bMiAaPQ 801 2$bMiAaPQ 906 $aBOOK 912 $a9910821067503321 996 $a"Capitalist realism" in Africa$93998040 997 $aUNINA